Catálogo público

Efecto de insecticidas sobre estados de desarrollo de Chrysoperla carnea (Stephens) (Neuroptera: CHRYSOPIDAE) / (Record no. 220834)

MARC details
000 -CABECERA
campo de control de longitud fija 03721nam a2200325 a 4500
003 - IDENTIFICADOR DEL NÚMERO DE CONTROL
campo de control OSt
005 - FECHA Y HORA DE LA ÚLTIMA TRANSACCIÓN
campo de control 20250827144204.0
007 - CAMPO FIJO DE DESCRIPCIÓN FÍSICA--INFORMACIÓN GENERAL
campo de control de longitud fija cr ||||||a|a|a
008 - DATOS DE LONGITUD FIJA--INFORMACIÓN GENERAL
campo de control de longitud fija 250819s2025 mx a|||fom||| 001 0 spa d
040 ## - FUENTE DE LA CATALOGACIÓN
Normas de descripción rda
100 1# - ENTRADA PRINCIPAL--NOMBRE DE PERSONA
Nombre de persona Hernández Sánchez, Carlos Eduardo
9 (RLIN) 190932
245 10 - MENCIÓN DE TÍTULO
Título Efecto de insecticidas sobre estados de desarrollo de Chrysoperla carnea (Stephens) (Neuroptera: CHRYSOPIDAE) /
Mención de responsabilidad, etc. por Carlos Eduardo Hernández Sánchez y Heber Juan Sebastián Reveles Castañeda; director de tesis Manuel Alejandro Tejeda Reyes; secretario Jaime Alfredo Urzúa Gutiérrez; vocal Alondra Astudillo Gregorio; suplente José Manuel Pineda Rios; suplente Calixto Leopoldo Carrillo Fonseca.
264 #1 - PRODUCCIÓN, PUBLICACIÓN, DISTRIBUCIÓN, FABRICACIÓN Y COPYRIGHT
Producción, publicación, distribución, fabricación y copyright Chapingo, México :
Nombre del de productor, editor, distribuidor, fabricante El autor,
Fecha de producción, publicación, distribución, fabricación o copyright 2025.
300 ## - DESCRIPCIÓN FÍSICA
Extensión 1 recurso en línea (60 páginas):
Otras características físicas cuadros, figuras.
336 ## - TIPO DE CONTENIDO
Fuente rdacontent
Término de tipo de contenido texto
Código de tipo de contenido txt
337 ## - TIPO DE MEDIO
Fuente rdamedia
Nombre/término del tipo de medio computadora
Código del tipo de medio c
338 ## - TIPO DE SOPORTE
Fuente rdacarrier
Nombre/término del tipo de soporte recurso en línea
Código del tipo de soporte cr
502 ## - NOTA DE TESIS
Tipo de título Ingeniero Agrónomo Especialista en Parasitología Agrícola
Nombre de la institución que otorga el título Departamento de Enseñanza, Investigación y Servicio en Parasitología Agrícola,
Año de obtención del título 2025.
Información miscelánea Licenciatura
504 ## - NOTA DE BIBLIOGRAFÍA, ETC.
Nota de bibliografía, etc. Incluye referencias bibliográficas: páginas 50-60.
520 ## - SUMARIO, ETC.
Sumario, etc. Chrysoperla carnea (Stephens) es un depredador polífago, usado para el control de una amplia gama de especies de insectos plaga de importancia económica en México, y de un uso común en sistemas de producción agrícola en el mundo. Debido a la creciente demanda de productos inocuos y con mayores restricciones en el uso de plaguicidas, este insecto puede tener una mayor tolerancia en comparación con otros enemigos naturales que son introducidos, en particular, sobre la tolerancia a una amplia gama de insecticidas que son utilizados en los cultivos en donde se realizan liberaciones de enemigos naturales, sin embargo, existe poca información referente al impacto de insecticidas de reciente introducción en el mercado sobre los diversos estados de desarrollo de C. carnea. Por lo que, el objetivo de este trabajo de investigación fue evaluar el impacto de diversos insecticidas sobre huevo, larva y pupa de C. carnea bajo condiciones de laboratorio. Donde grupos de huevos, larvas y adultos fueron expuestos a través de distintos métodos de exposición a las concentraciones máximas utilizadas en campo de los insecticidas evaluados. Posteriormente se evaluó a diferentes períodos de exposición la mortalidad producida, para que mediante un análisis de varianza y una prueba de comparación de medias se establecieran diferencias entre los tratamientos evaluados. Los resultados indican una variabilidad en el efecto de los insecticidas evaluados sobre los estados de desarrollo de C. carnea. La mayoría de los insecticidas evaluados mostró una alta mortalidad sobre adultos a excepción de insecticidas conocidos como reguladores de crecimiento, mostrando un bajo efecto, sin embargo, estos insecticidas mostraron una alta mortalidad en estados inmaduros. En este trabajo de investigación se discute la importancia de conocer el efecto de estos insecticidas sobre organismos benéficos que se utilizan frecuentemente en el manejo integrado de plagas.
650 #4 - PUNTO DE ACCESO ADICIONAL DE MATERIA--TÉRMINO DE MATERIA
Término de materia o nombre geográfico como elemento de entrada Insecticidas
Subdivisión general Efecto en Chrysoperla carnea
9 (RLIN) 191139
700 1# - PUNTO DE ACCESO ADICIONAL--NOMBRE DE PERSONA
Nombre de persona Reveles Castañeda, Heber Juan Sebastian
9 (RLIN) 190933
700 1# - PUNTO DE ACCESO ADICIONAL--NOMBRE DE PERSONA
Nombre de persona Tejeda Reyes, Manuel Alejandro
9 (RLIN) 112025
Término indicativo de función/relación director.
700 1# - PUNTO DE ACCESO ADICIONAL--NOMBRE DE PERSONA
Nombre de persona Urzúa Gutiérrez, Jaime Alfredo
9 (RLIN) 117018
Término indicativo de función/relación secretario.
700 1# - PUNTO DE ACCESO ADICIONAL--NOMBRE DE PERSONA
Nombre de persona Astudillo Gregorio, Alondra
9 (RLIN) 188300
Término indicativo de función/relación vocal.
700 1# - PUNTO DE ACCESO ADICIONAL--NOMBRE DE PERSONA
Nombre de persona Pineda Rios, José Manuel
9 (RLIN) 88174
Término indicativo de función/relación suplente.
700 1# - PUNTO DE ACCESO ADICIONAL--NOMBRE DE PERSONA
Nombre de persona Carrillo Fonseca, Calixto Leopoldo
9 (RLIN) 19482
Término indicativo de función/relación suplente.
856 ## - LOCALIZACIÓN Y ACCESO ELECTRÓNICOS
Nota pública DESCARGAR PDF
Identificador Uniforme del Recurso http://10.13.5.2/tesis/tl/1911093-2_Y_1912054-7_HERNANDEZ_SANCHEZ_CARLOSEDUARDO_Y_REVELES_CASTANEDA_HEBERJUANSEBASTIAN.pdf
942 ## - ELEMENTOS DE PUNTO DE ACCESO ADICIONAL (KOHA)
Fuente del sistema de clasificación o colocación Clasificación Universidad Autónoma Chapingo
Tipo de ítem Koha Tesis digital
Holdings
Estado de retiro Estado de pérdida Fuente del sistema de clasificación o colocación Estado dañado Restricciones de uso No para préstamo Código de colección Localización permanente Ubicación/localización actual Ubicación en estantería Fecha de adquisición Total de préstamos Signatura topográfica completa Fecha visto por última vez Precio válido a partir de Tipo de ítem Koha
    Clasificación Universidad Autónoma de Chapingo   Préstamo interno   Tesis digitales de Licenciatura Biblioteca Digital Biblioteca Digital En línea 19/08/2025   Tesis digital 19/08/2025 19/08/2025 Tesis digital